000 00639nam a2200217 a 4500
001 60791
003 BD-RjUL
005 20211209080901.0
008 170103q1958 enk 000 0 eng
035 _a(BD-RjUL)60915
040 _aDLC
_cFM
_dBD-RjUL
_beng
041 _aeng
082 0 0 _a282.0922
_223
_bTUL 1958
100 1 _aTurnbull, E. Lucia.
_9181177
245 1 0 _aLegends of the saints /
_cE. Lucia.Turnbull,
260 _aLondon :
_boxford university press,
_c1957 [reprinted 1958]
300 _a112 p. :
_bill. ;
_c22 cm.
650 0 _aChristian saints
_vJuvenile literature.
_9181178
942 _2ddc
_cBK
999 _c60791
_d60791